[Event "Girona-ch Seniors"]
[Site "Girona"]
[Date "2019.02.26"]
[Round "4.9"]
[White "Figols Pujolar, Juan"]
[Black "Clotas Marti, Ramon"]
[Result "1-0"]
[WhiteElo "1114"]
[BlackElo "1468"]
[PlyCount "99"]
[EventDate "2019.02.05"]
[EventType "swiss"]
[EventRounds "6"]
[EventCountry "ESP"]
[SourceTitle "EXT 2024"]
[Source "ChessBase"]
[SourceDate "2023.10.10"]
[SourceVersion "1"]
[SourceVersionDate "2023.10.10"]
[SourceQuality "1"]

1. e4 e5 2. Nf3 d6 3. Nc3 Nf6 4. d3 Be7 5. g3 0-0 6. Bg2 Bg4 7. Bg5 a6 8. Bxf6 Bxf6 9. Nd5 Nd7 10. c4 c6 11. Nxf6+ Nxf6 12. Qb3 Bxf3 13. Bxf3 Qa5+ 14. Qc3 Qxc3+ 15. bxc3 Nd7 16. Rb1 Rab8 17. a4 Rfd8 18. Ke2 b5 19. cxb5 cxb5 20. axb5 axb5 21. Rb2 Rb6 22. Ra1 Rdb8 23. Ke3 g6 24. Rab1 Kf8 25. h4 Ke7 26. d4 R8b7 27. dxe5 dxe5 28. Be2 b4 29. Rxb4 f6 30. Rxb6 Rxb6 31. Rxb6 Nxb6 32. f4 Kd6 33. fxe5+ Kxe5 34. Bd3 h6 35. Kf3 Nd7 36. Bb5 Nc5 37. Bc6 g5 38. hxg5 hxg5 39. Kg4 Nxe4 40. Bxe4 Kxe4 41. c4 Kd4 42. Kf5 Kxc4 43. Kxf6 g4 44. Kf5 Kd5 45. Kxg4 Ke6 46. Kg5 Kf7 47. Kh6 Kg8 48. Kg6 Kh8 49. g4 Kg8 50. g5 1-0

[Event "Girona-ch Seniors"]
[Site "Girona"]
[Date "2017.02.14"]
[Round "2.11"]
[White "Garcia Calleja, Rafael"]
[Black "Figols Pujolar, Juan"]
[Result "1-0"]
[WhiteElo "1529"]
[BlackElo "1651"]
[PlyCount "55"]
[EventDate "2017.02.07"]
[EventType "swiss"]
[EventRounds "6"]
[EventCountry "ESP"]
[SourceTitle "EXT 2024"]
[Source "ChessBase"]
[SourceDate "2023.10.10"]
[SourceVersion "1"]
[SourceVersionDate "2023.10.10"]
[SourceQuality "1"]

1. e4 e5 2. Nf3 Nc6 3. Bc4 Bc5 4. c3 Nge7 5. 0-0 a6 6. d3 d6 7. b4 Bb6 8. Bg5 Bg4 9. Nbd2 h6 10. Be3 Bxe3 11. fxe3 a5 12. b5 Na7 13. Qb3 0-0 14. Nh4 Qe8 15. Rf2 Be6 16. Bxe6 fxe6 17. Rxf8+ Qxf8 18. Rf1 Qc8 19. a4 Qd7 20. c4 Rf8 21. Nhf3 b6 22. d4 exd4 23. exd4 Kh7 24. Qc2 Kh8 25. Rc1 Ng6 26. Nf1 e5 27. d5 Nf4 28. Ng3 1-0

[Event "Girona-ch Seniors"]
[Site "Girona"]
[Date "2017.02.07"]
[Round "1.12"]
[White "Figols Pujolar, Juan"]
[Black "Estevez Montilla, Francesco"]
[Result "0-1"]
[WhiteElo "1651"]
[BlackElo "1700"]
[PlyCount "56"]
[EventDate "2017.02.07"]
[EventType "swiss"]
[EventRounds "6"]
[EventCountry "ESP"]
[SourceTitle "EXT 2024"]
[Source "ChessBase"]
[SourceDate "2023.10.10"]
[SourceVersion "1"]
[SourceVersionDate "2023.10.10"]
[SourceQuality "1"]

1. e4 c5 2. Nc3 Nc6 3. Nf3 g6 4. Bb5 Bg7 5. Bxc6 bxc6 6. 0-0 d6 7. h3 e5 8. d3 Ne7 9. Re1 0-0 10. Bd2 h6 11. Qc1 Kh7 12. Ne2 f5 13. exf5 gxf5 14. c3 Ng6 15. Ng3 Rg8 16. Nh5 Bf8 17. Ng5+ hxg5 18. Bxg5 Be7 19. h4 Nxh4 20. Bxe7 Qxe7 21. Ng3 Qg7 22. Qd1 Qg5 23. Qh5+ Qxh5 24. Nxh5 Rxg2+ 25. Kh1 Kg6 26. Ng3 Be6 27. Rg1 Rh8 28. Rxg2 Nf3+ 0-1

[Event "Girona-ch Seniors"]
[Site "Girona"]
[Date "2015.??.??"]
[Round "3.7"]
[White "Sabates Ple, Josep"]
[Black "Figols Pujolar, Juan"]
[Result "1-0"]
[WhiteElo "1818"]
[BlackElo "1711"]
[PlyCount "34"]
[EventDate "2015.02.10"]
[EventType "tourn"]
[EventRounds "6"]
[EventCountry "ESP"]
[SourceTitle "EXT 2024"]
[Source "ChessBase"]
[SourceDate "2023.10.10"]
[SourceVersion "1"]
[SourceVersionDate "2023.10.10"]
[SourceQuality "1"]

1. e4 e5 2. Nf3 Nf6 3. Nxe5 Nxe4 4. Qe2 d5 5. d3 Qf6 6. Nf3 Qe6 7. dxe4 Qxe4 8. Qxe4+ dxe4 9. Nd4 Bc5 10. c3 0-0 11. Be3 Bxd4 12. Bxd4 Re8 13. Bc4 Nc6 14. Be3 Ne5 15. Be2 Ng4 16. Bxg4 Bxg4 17. 0-0 Re7 1-0

[Event "Girona Province-ch Seniors"]
[Site "Girona"]
[Date "2013.03.14"]
[Round "6"]
[White "Garcia Calleja, Rafael"]
[Black "Figols Pujolar, Juan"]
[Result "1-0"]
[WhiteElo "1806"]
[BlackElo "1700"]
[PlyCount "33"]
[EventDate "2013.02.07"]
[EventType "swiss"]
[EventRounds "6"]
[EventCountry "ESP"]
[SourceTitle "EXT 2017"]
[Source "ChessBase"]
[SourceDate "2016.10.25"]
[SourceVersion "1"]
[SourceVersionDate "2016.10.25"]
[SourceQuality "1"]

1. e4 e6 2. Nf3 g6 3. Bc4 Bg7 4. c3 a6 5. 0-0 Nc6 6. d4 d5 7. exd5 exd5 8. Bd3 Nge7 9. Bg5 0-0 10. Qc1 Qd7 11. Nbd2 Nf5 12. Re1 Bh6 13. Bxf5 Qxf5 14. Bxh6 Rd8 15. Nf1 Bd7 16. Ng3 Qd3 17. Qg5 1-0

[Event "Girona Province-ch Seniors"]
[Site "Girona"]
[Date "2013.02.21"]
[Round "3"]
[White "Zamora Alarcon, Juli"]
[Black "Figols Pujolar, Juan"]
[Result "1-0"]
[WhiteElo "1792"]
[BlackElo "1700"]
[PlyCount "59"]
[EventDate "2013.02.07"]
[EventType "swiss"]
[EventRounds "6"]
[EventCountry "ESP"]
[SourceTitle "EXT 2017"]
[Source "ChessBase"]
[SourceDate "2016.10.25"]
[SourceVersion "1"]
[SourceVersionDate "2016.10.25"]
[SourceQuality "1"]

1. e4 e5 2. Nf3 d6 3. Bc4 Be6 4. Qe2 Qd7 5. Nc3 Nf6 6. h3 c6 7. Bb3 Na6 8. d4 exd4 9. Nxd4 Bxb3 10. Nxb3 0-0-0 11. Be3 Kb8 12. 0-0 Qe7 13. Na5 c5 14. f3 Qc7 15. Nc4 Be7 16. Rfd1 Nb4 17. a3 Nc6 18. Nb5 Qc8 19. Nbxd6 Bxd6 20. Nxd6 Qc7 21. Nc4 b6 22. Rd3 Nd4 23. Qd2 Qe7 24. a4 a5 25. Nxb6 Qa7 26. Nc4 Nc6 27. Qf2 Rhg8 28. Bxc5 Qb7 29. Rb3 Qxb3 30. cxb3 1-0

[Event "Girona Province-ch Seniors"]
[Site "Girona"]
[Date "2013.02.07"]
[Round "1"]
[White "Gil Clariana, Jordi"]
[Black "Figols Pujolar, Juan"]
[Result "1-0"]
[WhiteElo "1794"]
[BlackElo "1700"]
[PlyCount "61"]
[EventDate "2013.02.07"]
[EventType "swiss"]
[EventRounds "6"]
[EventCountry "ESP"]
[SourceTitle "EXT 2017"]
[Source "ChessBase"]
[SourceDate "2016.10.25"]
[SourceVersion "1"]
[SourceVersionDate "2016.10.25"]
[SourceQuality "1"]

1. b4 e5 2. a3 Nc6 3. Bb2 d6 4. e4 Nf6 5. d3 Be7 6. Nf3 Bg4 7. Be2 0-0 8. 0-0 a6 9. c4 b5 10. Nc3 bxc4 11. dxc4 Rb8 12. Re1 Na7 13. Qc2 c5 14. bxc5 dxc5 15. Nxe5 Bxe2 16. Rxe2 Qc7 17. Nd5 Nxd5 18. exd5 f6 19. Nf3 Bd6 20. Rae1 Qd7 21. Nh4 Rfe8 22. Nf5 Rxe2 23. Rxe2 g6 24. Nxd6 Qxd6 25. Re6 Qd7 26. g3 Re8 27. Rxf6 Re1+ 28. Kg2 Qe8 29. Qc3 Qe4+ 30. Rf3 Qe7 31. Qh8# 1-0